<?xml version="1.0" encoding="UTF-8"?>
<record
    xmlns:xsi="http://www.w3.org/2001/XMLSchema-instance"
    xsi:schemaLocation="http://www.loc.gov/MARC21/slim http://www.loc.gov/standards/marcxml/schema/MARC21slim.xsd"
    xmlns="http://www.loc.gov/MARC21/slim">

  <leader>01420nam a22002537a 4500</leader>
  <controlfield tag="003">NALT</controlfield>
  <controlfield tag="005">20250124151018.0</controlfield>
  <controlfield tag="008">      s2555    th                  tha d</controlfield>
  <datafield tag="020" ind1=" " ind2=" ">
    <subfield code="a">9789743653827</subfield>
  </datafield>
  <datafield tag="040" ind1=" " ind2=" ">
    <subfield code="a">NALT</subfield>
  </datafield>
  <datafield tag="041" ind1=" " ind2=" ">
    <subfield code="a">tha</subfield>
  </datafield>
  <datafield tag="090" ind1=" " ind2=" ">
    <subfield code="a">KS 33.1 </subfield>
    <subfield code="b">&#xE27;559&#xE1E; 2555 </subfield>
  </datafield>
  <datafield tag="100" ind1="0" ind2=" ">
    <subfield code="9">12280</subfield>
    <subfield code="a">&#xE27;&#xE34;&#xE40;&#xE0A;&#xE35;&#xE22;&#xE23; &#xE14;&#xE34;&#xE40;&#xE23;&#xE01;&#xE2D;&#xE38;&#xE14;&#xE21;&#xE28;&#xE31;&#xE01;&#xE14;&#xE34;&#xE4C;</subfield>
  </datafield>
  <datafield tag="245" ind1="1" ind2="0">
    <subfield code="a">&#xE41;&#xE1E;&#xE48;&#xE07;&#xE1E;&#xE34;&#xE2A;&#xE14;&#xE32;&#xE23; &#xE40;&#xE25;&#xE48;&#xE21; 2 &#xE09;&#xE1A;&#xE31;&#xE1A;&#xE1B;&#xE23;&#xE31;&#xE1A;&#xE1B;&#xE23;&#xE38;&#xE07;&#xE43;&#xE2B;&#xE21;&#xE48; &#xE1B;&#xE35; 2555 /</subfield>
    <subfield code="c">&#xE42;&#xE14;&#xE22; &#xE27;&#xE34;&#xE40;&#xE0A;&#xE35;&#xE22;&#xE23; &#xE14;&#xE34;&#xE40;&#xE23;&#xE01;&#xE2D;&#xE38;&#xE14;&#xE21;&#xE28;&#xE31;&#xE01;&#xE14;&#xE34;&#xE4C; ; Jurisprudence Group.</subfield>
  </datafield>
  <datafield tag="246" ind1="1" ind2="4">
    <subfield code="a">&#xE01;&#xE0E;&#xE2B;&#xE21;&#xE32;&#xE22; &#xE41;&#xE1E;&#xE48;&#xE07;&#xE1E;&#xE34;&#xE2A;&#xE14;&#xE32;&#xE23; &#xE40;&#xE25;&#xE48;&#xE21; 2 (&#xE09;&#xE1A;&#xE31;&#xE1A;&#xE1B;&#xE23;&#xE31;&#xE1A;&#xE1B;&#xE23;&#xE38;&#xE07;&#xE43;&#xE2B;&#xE21;&#xE48; &#xE1B;&#xE35; 2555) &#xE0B;&#xE37;&#xE49;&#xE2D;&#xE02;&#xE32;&#xE22; &#xE02;&#xE32;&#xE22;&#xE1D;&#xE32;&#xE01; &#xE43;&#xE2B;&#xE49; &#xE40;&#xE0A;&#xE48;&#xE32;&#xE17;&#xE23;&#xE31;&#xE1E;&#xE22;&#xE4C; &#xE40;&#xE0A;&#xE48;&#xE32;&#xE0B;&#xE37;&#xE49;&#xE2D; &#xE22;&#xE37;&#xE21; &#xE1D;&#xE32;&#xE01;&#xE17;&#xE23;&#xE31;&#xE1E;&#xE22;&#xE4C; &#xE04;&#xE49;&#xE33;&#xE1B;&#xE23;&#xE30;&#xE01;&#xE31;&#xE19; &#xE08;&#xE33;&#xE19;&#xE2D;&#xE07; &#xE15;&#xE31;&#xE27;&#xE41;&#xE17;&#xE19;.</subfield>
  </datafield>
  <datafield tag="250" ind1=" " ind2=" ">
    <subfield code="a">&#xE09;&#xE1A;&#xE31;&#xE1A;&#xE1B;&#xE23;&#xE31;&#xE1A;&#xE1B;&#xE23;&#xE38;&#xE07;&#xE43;&#xE2B;&#xE21;&#xE48; &#xE1B;&#xE35; 2555.</subfield>
  </datafield>
  <datafield tag="260" ind1=" " ind2=" ">
    <subfield code="a">&#xE01;&#xE23;&#xE38;&#xE07;&#xE40;&#xE17;&#xE1E;&#xE2F; : </subfield>
    <subfield code="b">&#xE41;&#xE2A;&#xE07;&#xE08;&#xE31;&#xE19;&#xE17;&#xE23;&#xE4C;&#xE01;&#xE32;&#xE23;&#xE1E;&#xE34;&#xE21;&#xE1E;&#xE4C;, </subfield>
    <subfield code="c">2555.</subfield>
  </datafield>
  <datafield tag="300" ind1=" " ind2=" ">
    <subfield code="a">467 &#xE2B;&#xE19;&#xE49;&#xE32; ;</subfield>
    <subfield code="b"> </subfield>
    <subfield code="c">26 &#xE0B;&#xE21;.</subfield>
  </datafield>
  <datafield tag="650" ind1=" " ind2="0">
    <subfield code="a">&#xE04;&#xE33;&#xE1E;&#xE34;&#xE1E;&#xE32;&#xE01;&#xE29;&#xE32;&#xE04;&#xE14;&#xE35;&#xE41;&#xE1E;&#xE48;&#xE07;</subfield>
    <subfield code="9">16729</subfield>
  </datafield>
  <datafield tag="710" ind1="2" ind2=" ">
    <subfield code="a">Jurisprudence Group</subfield>
    <subfield code="9">12278</subfield>
  </datafield>
  <datafield tag="850" ind1=" " ind2=" ">
    <subfield code="a">NALT</subfield>
  </datafield>
  <datafield tag="942" ind1=" " ind2=" ">
    <subfield code="c">LB</subfield>
    <subfield code="2">local</subfield>
  </datafield>
  <datafield tag="999" ind1=" " ind2=" ">
    <subfield code="c">75811</subfield>
    <subfield code="d">75811</subfield>
  </datafield>
  <datafield tag="998" ind1=" " ind2=" ">
    <subfield code="j">1020</subfield>
    <subfield code="k"> &#xE19;&#xE32;&#xE07;&#xE08;&#xE33;&#xE40;&#xE23;&#xE35;&#xE22;&#xE07;  &#xE23;&#xE30;&#xE27;&#xE31;&#xE07;&#xE2A;&#xE33;&#xE42;&#xE23;&#xE07;</subfield>
  </datafield>
  <datafield tag="952" ind1=" " ind2=" ">
    <subfield code="0">0</subfield>
    <subfield code="1">0</subfield>
    <subfield code="2">local</subfield>
    <subfield code="4">0</subfield>
    <subfield code="7">0</subfield>
    <subfield code="8">CLAW</subfield>
    <subfield code="a">NALT</subfield>
    <subfield code="b">NALT</subfield>
    <subfield code="c">LAW</subfield>
    <subfield code="d">2023-02-27</subfield>
    <subfield code="e">&#xE1A;&#xE23;&#xE34;&#xE08;&#xE32;&#xE04;</subfield>
    <subfield code="l">1</subfield>
    <subfield code="o">KS 33.1 &#xE27;559&#xE1E; 2555 &#xE25;.2</subfield>
    <subfield code="p">3961202513</subfield>
    <subfield code="r">2017-12-25 00:00:00</subfield>
    <subfield code="s">2017-08-11</subfield>
    <subfield code="w">2017-06-09</subfield>
    <subfield code="y">LB</subfield>
  </datafield>
</record>
